ភាសាខ្មែរ ថ្នាក់ទី៨ / (Record no. 6903)

MARC details
000 -LEADER
fixed length control field 01928nam a22002417a 4500
001 - CONTROL NUMBER
control field 6903
003 - CONTROL NUMBER IDENTIFIER
control field FISKH
005 - DATE AND TIME OF LATEST TRANSACTION
control field 20250605145304.0
008 - FIXED-LENGTH DATA ELEMENTS--GENERAL INFORMATION
fixed length control field 250605b cb ||||| |||| 00| 0 eng d
020 ## - INTERNATIONAL STANDARD BOOK NUMBER
International Standard Book Number 9789995001216
040 ## - CATALOGING SOURCE
Original cataloging agency FISKH
Language of cataloging eng
Transcribing agency FISKH
Modifying agency FISKH
082 ## - DEWEY DECIMAL CLASSIFICATION NUMBER
Classification number 370
100 ## - MAIN ENTRY--PERSONAL NAME
Personal name Thy, Yen
245 ## - TITLE STATEMENT
Title ភាសាខ្មែរ ថ្នាក់ទី៨ /
Statement of responsibility, etc. លោក យិន​ធី ,លោក ព្រៃ សំបូរ ,លោកស្រី ម៉ៅ តាន់ណាវី និង​ លោក​ ​យ៉ង់​ កំស៊ាន
250 ## - EDITION STATEMENT
Edition statement បោះពុម្ពឆ្នាំ ២០២០
260 ## - PUBLICATION, DISTRIBUTION, ETC.
Place of publication, distribution, etc. ភ្នំពេញ :
Name of publisher, distributor, etc. គ្រឺះស្ថានបោះពុម្ពនិងចែកផ្សាយ ,
Date of publication, distribution, etc. ២០២០​ .
300 ## - PHYSICAL DESCRIPTION
Extent 236 pages :
Other physical details illustrations ;
Dimensions 25 cm .
520 ## - SUMMARY, ETC.
Summary, etc. សៀវភៅ ភាសាខ្មែរ ថ្នាក់ទី ៨ ជាសៀវភៅសិក្សាសំខាន់សម្រាប់សិស្សមធ្យមសិក្សាទុតិយភូមិ ដែលមានគោលបំណងជួយសិស្សឲ្យអភិវឌ្ឍជំនាញភាសា និងការយល់ដឹងអំពីវប្បធម៌ខ្មែរ។ សៀវភៅនេះមានមាតិកាជាចម្បង ៤ ផ្នែក៖ អាន, សរសេរ, ស្តាប់ និងនិយាយ, និងវេយ្យាករណ៍។<br/><br/>
520 ## - SUMMARY, ETC.
Summary, etc. The Grade 8 Khmer Language textbook is an important learning resource for lower secondary school students. Its main objective is to help students develop language skills and understanding of Khmer culture. The textbook is divided into four main parts: reading, writing, listening and speaking, and grammar.<br/><br/><br/><br/><br/>
700 ## - ADDED ENTRY--PERSONAL NAME
Personal name Tong Botta , Seng
Relator term Illustrator
942 ## - ADDED ENTRY ELEMENTS (KOHA)
Source of classification or shelving scheme Dewey Decimal Classification
Koha item type Khmer Books
Suppress in OPAC No
Holdings
Withdrawn status Lost status Source of classification or shelving scheme Damaged status Not for loan Collection Home library Current library Shelving location Date acquired Total Checkouts Full call number Barcode Date last seen Price effective from Koha item type
    Dewey Decimal Classification     Khmer Language Books / សៀវភៅភាសាខ្មែរ Footprints International School Library Network Toul Tom Poung Campus Footprints International School Library Network Toul Tom Poung Campus TTP Secondary Khmer Bookshelves 06/05/2025   THY 370 2025-1544 06/05/2025 06/05/2025 Khmer Books